| 000 | 00327nam a22001337a 4500 | ||
|---|---|---|---|
| 020 | _qHB. | ||
| 040 | _cFIZZA ISHAQ | ||
| 082 |
_a621.38 _bSTE |
||
| 100 |
_aBUSH,F.STEPHEN. _990925 |
||
| 245 |
_aNANOSCALE COMMUNICATION NETWORKS / _cSTEPHEN F.BUSH. |
||
| 260 |
_aARTECH HOUSE ; _c2010. |
||
| 300 | _a308 P. ; | ||
| 942 |
_2ddc _cBK |
||
| 999 |
_c589115 _d589115 |
||